| 000 | 00000nas##2200000za#4500 |
| 001 | 9.515539 |
| 003 | CaOODSP |
| 005 | 20200325132523 |
| 007 | ta |
| 008 | 150406c2003||||xxc|| p #||||f| |0eng|d |
| 022 | |a1708-5748 |
| 040 | |aCaOODSP|beng |
| 043 | |an-cn--- |
| 086 | 1 |aR12-24E |
| 110 | 1 |aCanada.|bIndian and Northern Affairs Canada. |bNWT Region. |
| 245 | 10|aWhat's happening at Colomac? |
| 260 | |aYellowknife - Northwest Territories : |bIndian and Northern Affairs. |c2003--. |
| 310 | |aAnnual |
| 500 | |aThree times a year until [2005?] |
| 563 | |aSoftcover |
| 775 | 08|tQue se passe-t-il à Colomac? |w(CaOODSP)9.513864 |
| 776 | 0#|tWhat's happening at Colomac? |w(CaOODSP)9.507857 |